[Event "Nittenau-ch 7th"]
[Site "Nittenau"]
[Date "2007.??.??"]
[Round "1"]
[White "Kumeth, Tobias"]
[Black "Plank, Michael"]
[Result "0-1"]
[WhiteElo "1076"]
[BlackElo "1611"]
[PlyCount "56"]
[EventDate "2007.??.??"]
[EventType "swiss"]
[EventRounds "5"]
[EventCountry "GER"]
[SourceTitle "EXT 2010"]
[Source "ChessBase"]
[SourceDate "2010.11.25"]
[SourceVersion "1"]
[SourceVersionDate "2010.11.25"]
[SourceQuality "1"]

1. e4 c6 2. d4 d5 3. exd5 cxd5 4. c4 Nf6 5. Nc3 e6 6. Nf3 Bb4 7. Bd2 0-0 8. a3 Bxc3 9. Bxc3 Nc6 10. Be2 dxc4 11. Bxc4 a6 12. 0-0 b5 13. Bb3 Bb7 14. Bc2 Ne7 15. Ng5 h6 16. Nf3 Rc8 17. Re1 Ned5 18. Bd2 Qb6 19. Rc1 Rc7 20. Re2 Rfc8 21. Qe1 Rxc2 22. Rxc2 Rxc2 23. Ba5 Rxe2 24. Bxb6 Rxe1+ 25. Nxe1 Nxb6 26. Nd3 Nfd7 27. b3 Bd5 28. b4 Nc4 0-1

[Event "Nittenau-ch 7th"]
[Site "Nittenau"]
[Date "2007.??.??"]
[Round "2"]
[White "Pauer, Franz"]
[Black "Kumeth, Tobias"]
[Result "0-1"]
[WhiteElo "1309"]
[BlackElo "1007"]
[PlyCount "76"]
[EventDate "2007.??.??"]
[EventType "swiss"]
[EventRounds "5"]
[EventCountry "GER"]
[SourceTitle "EXT 2010"]
[Source "ChessBase"]
[SourceDate "2010.11.25"]
[SourceVersion "1"]
[SourceVersionDate "2010.11.25"]
[SourceQuality "1"]

1. e4 e5 2. Nf3 Nc6 3. Bc4 Nf6 4. Ng5 d5 5. exd5 Nxd5 6. d4 Be7 7. Nxf7 Kxf7 8. Qf3+ Ke8 9. Bxd5 Rf8 10. Bxc6+ bxc6 11. Qxc6+ Bd7 12. Qe4 Bf5 13. Qxe5 Bxc2 14. 0-0 Rf7 15. Nc3 Kf8 16. a3 Qd7 17. Qe2 Bb3 18. Qe4 Re8 19. Qxh7 Rf5 20. Be3 Bg8 21. Qh3 Bf6 22. Rad1 g6 23. Ne2 Qe7 24. b4 Bd5 25. Nf4 Bf7 26. d5 Kg8 27. Bxa7 Rxf4 28. Bc5 Qe4 29. f3 Qc4 30. g3 Rf5 31. d6 cxd6 32. Rxd6 Bd5 33. Qg2 Re2 34. Qh3 Bxf3 35. Rdd1 Rg2+ 36. Kh1 Rxg3+ 37. Qg2 Bxg2+ 38. Kg1 Be4+ 0-1